01333nam a22002657a 4500999001700000003000900017008004100026040007100067082002500138100003000163245011400193260003100307300002400338505015700362650002900519650003100548650002300579700003400602942001600636945000800652952010300660952010200763952010000865952010200965  c11758d11758AR-CdUCM190404b           ||||| |||| 00| 0 spa d  aMUNICIPALIDAD PROVINCIAL DEL CUSCOcBIBLIOTECA MUNICIPAL DEL CUSCO  aES / 985.6121 /bV14  aValencia Zegarra, Alfredo  aMachu Picchu :bLa investigación y conservación del monumento arqueológico después de Hiram Bingham /  aCusco :bMercantil,c1992.  a354 paginasc22 cm.  aContenido :Arquitectura -- El escenario natural -- Arqueología sepulcral -- Conservación y restauración -- Corologia, cronología y función ...  aHistoria del Perú9259  aMaravilla del mundo924561  aMachu Picchu95672  aGibaja Oviedo, Arminda929271  2ddccLIBROS  arum  002ddc4070aSHbSHcCARTd2019-04-04g28.00o985.6121 /V14/e.3pSH0000014421r2019-04-04yLIBROS  002ddc4070aSHbSHcCARTd2019-04-08g28.00o985.6121/V14/e.4pSH0000014422r2019-04-08yLIBROS  002ddc4070aSHbSHcCARTd2019-05-11g30.00o985.6121 / V14pSH0000013121r2019-05-11yLIBROS  002ddc4070aSHbSHcCARTd2019-05-17g30.00o985.6121/V14/e.2pSH0000014299r2019-05-17yLIBROS